| 000 | 00558nam a2200169 4500 | ||
|---|---|---|---|
| 001 | 114317 | ||
| 003 | ES-MaACL | ||
| 007 | t| | ||
| 008 | 061121s1975 sp r ||||1| spa d | ||
| 100 | 1 |
_aPalloix, Christian. _988601 |
|
| 245 | 1 | 4 |
_aLas firmas multinacionales y el proceso de internacionalización / _cpor Christian Palloix ; [traducción de José Luis Alonso]. |
| 250 | _a[1ª ed.]. | ||
| 260 |
_aMadrid [etc.] : _bSiglo Veintiuno, _c1975. |
||
| 300 |
_a290 p. ; _c18 cm. |
||
| 700 | 1 |
_aAlonso, José Luis. _920214 |
|
| 852 |
_aES-MaACL _jE-8479 _bR.92258 |
||
| 999 |
_c114317 _d114317 |
||